00382nam a2200181Ia 4500003000900000008004100009040001300050040001300063041000800076100002300084245002500107250000900132260002100141260000900162300001100171300001200182490000600194IT-RoPAU120407s9999 xx 000 0 und d aIT-RoPAU cIT-RoPAU aita aNazareno Fabbretti aLe donne del Vangelo aAlba aEdizioni Paoline c1967 a173 p. c25,5 cm v1